| 000 | 00521cam a2200205ua 4500 | ||
|---|---|---|---|
| 001 | 3903 | ||
| 005 | 20260515113741.0 | ||
| 008 | 111208n ii |||gr||||Z||||||asm | ||
| 020 | _a81-7339-031-2 | ||
| 040 | _cMAIN | ||
| 082 | _a891.4511 | ||
| 100 |
_aSaikia, Nagen, _eEditor., |
||
| 245 | 1 | 1 |
_aChandrakumarar kabita samagra _ced. by Nagen Saikia |
| 250 | _a1st. | ||
| 260 |
_aDibrugarh: _bBanalata,993. |
||
| 300 |
_a128p: _c23cm. |
||
| 653 | _aAssamese poem | ||
| 653 | _aChandrakumarar kabita samagra | ||
| 942 | _cBK | ||
| 999 |
_c3724 _d3724 |
||